Investičné vzťahy EÚ a Číny bakalárska práca

Guardado en:
Detalles Bibliográficos
Autor principal: Mihalovič, Tomáš
Autor Corporativo: Obchodná fakulta EU. Katedra medzinárodného obchodu
Otros Autores: Drieniková, Kristína, 1982-
Formato: Libro
Lenguaje:eslovaco
Publicado: Bratislava 2020
Etiquetas: Agregar Etiqueta
Sin Etiquetas, Sea el primero en etiquetar este registro!

MARC

LEADER 00000nbm a2200000 4500
001 0266539
005 20201007134701.7
041 0 |a slo 
044 |a SK 
245 1 0 |a Investičné vzťahy EÚ a Číny  |b bakalárska práca  |c Tomáš Mihalovič ; školiteľ: Kristína Drieniková 
264 1 |a Bratislava  |c 2020 
300 |a 65 s. 
100 1 |a Mihalovič, Tomáš 
700 1 |a Drieniková, Kristína, 1982- 
710 2 |a Obchodná fakulta EU. Katedra medzinárodného obchodu